[Event "La Florida CupT 23rd"]
[Site "La Florida"]
[Date "2023.07.16"]
[Round "5.2"]
[White "Sucre, Delwin Jose"]
[Black "Jaramillo Lopez, Ali Aaron"]
[Result "0-1"]
[WhiteElo "1966"]
[BlackElo "2119"]
[PlyCount "78"]
[EventDate "2023.07.15"]
[EventType "team-swiss"]
[EventRounds "5"]
[EventCountry "VEN"]
[SourceTitle "EXT 2024"]
[Source "ChessBase"]
[SourceDate "2023.10.10"]
[SourceVersion "1"]
[SourceVersionDate "2023.10.10"]
[SourceQuality "1"]
[WhiteTeam "Caballos de Caicssa"]
[BlackTeam "Peon de Oro"]
[WhiteTeamCountry "VEN"]
[BlackTeamCountry "VEN"]

1. d4 Nf6 2. Bf4 c5 3. e3 Nd5 4. Bg3 Qb6 5. b3 cxd4 6. Qxd4 Qa5+ 7. Qd2 Qxd2+ 8. Nxd2 Nc6 9. a3 g6 10. Ne4 Bg7 11. 0-0-0 Nf6 12. Bd3 d6 13. Ne2 Nh5 14. Nf4 Nxf4 15. Bxf4 f5 16. Nd2 Ne5 17. Bb5+ Bd7 18. Bxe5 Bxe5 19. Bxd7+ Kxd7 20. h4 Rac8 21. Kb1 b5 22. Nf3 Bf6 23. h5 g5 24. Nd4 Rc5 25. b4 Rd5 26. Nb3 Rxd1+ 27. Rxd1 Ke6 28. Nd4+ Bxd4 29. Rxd4 d5 30. Kc1 Kd6 31. f4 Rg8 32. g3 gxf4 33. gxf4 Rg1+ 34. Rd1 Rxd1+ 35. Kxd1 e5 36. Kd2 exf4 37. exf4 d4 38. Kd3 Kd5 39. h6 a6 0-1

[Event "La Florida CupT 23rd"]
[Site "La Florida"]
[Date "2023.07.15"]
[Round "1.2"]
[White "Sucre, Delwin Jose"]
[Black "Sanchez Fleire, Axtlan Migher"]
[Result "1-0"]
[WhiteElo "1966"]
[BlackElo "2028"]
[PlyCount "99"]
[EventDate "2023.07.15"]
[EventType "team-swiss"]
[EventRounds "5"]
[EventCountry "VEN"]
[SourceTitle "EXT 2024"]
[Source "ChessBase"]
[SourceDate "2023.10.10"]
[SourceVersion "1"]
[SourceVersionDate "2023.10.10"]
[SourceQuality "1"]
[WhiteTeam "Caballos de Caicssa"]
[BlackTeam "Simple Ches Regenerated"]
[WhiteTeamCountry "VEN"]
[BlackTeamCountry "VEN"]

1. Nf3 Nf6 2. d4 d5 3. b3 Bg4 4. e3 Nbd7 5. Bb2 e6 6. Bd3 Ne4 7. 0-0 Bd6 8. h3 h5 9. c4 c6 10. Nc3 f5 11. cxd5 exd5 12. Be2 Bxf3 13. Bxf3 Ndf6 14. Bxe4 fxe4 15. f3 Qe7 16. fxe4 Nxe4 17. Nxe4 Qxe4 18. Qf3 Qe7 19. Rae1 0-0-0 20. e4 Rdf8 21. Qd3 Rxf1+ 22. Qxf1 Rf8 23. Qe2 dxe4 24. Qxe4 Qxe4 25. Rxe4 Kd7 26. g4 g6 27. Kg2 h4 28. Bc1 Bg3 29. Re2 Rf7 30. Ba3 b6 31. Bb4 a5 32. Ba3 Rf4 33. Bb2 Rf7 34. Ba3 Bd6 35. Bc1 b5 36. Bg5 Bg3 37. Bd2 b4 38. Bg5 Rh7 39. Kf3 Bd6 40. Ke4 Be7 41. Be3 Bd6 42. Kd3 Re7 43. Bg5 Rf7 44. Re3 Rf2 45. Bxh4 Rxa2 46. Re2 Ra3 47. Kc4 a4 48. Rb2 Ra1 49. bxa4 Ra3 50. Rb3 1-0

[Event "VEN-chT Liga Superior qual"]
[Site "Caracas"]
[Date "2018.01.28"]
[Round "6.6"]
[White "Sucre, Delwin Jose"]
[Black "Gordillo Arango, Jesus David"]
[Result "1-0"]
[WhiteElo "2036"]
[BlackElo "1821"]
[PlyCount "145"]
[EventDate "2018.01.26"]
[EventType "team-swiss"]
[EventRounds "6"]
[EventCountry "VEN"]
[SourceTitle "EXT 2022"]
[Source "ChessBase"]
[SourceDate "2021.10.06"]
[SourceVersion "1"]
[SourceVersionDate "2021.10.06"]
[SourceQuality "1"]
[WhiteTeam "Zerdeja Finance"]
[BlackTeam "Caracas 64"]
[WhiteTeamCountry "VEN"]
[BlackTeamCountry "VEN"]

1. e4 e5 2. f4 exf4 3. Nf3 g5 4. Bc4 g4 5. 0-0 gxf3 6. Qxf3 Bh6 7. d4 Qf6 8. e5 Qb6 9. Bxf7+ Kxf7 10. Bxf4 Kg7 11. Kh1 Bxf4 12. Qxf4 Nh6 13. Qg5+ Qg6 14. Qe7+ Nf7 15. d5 Nc6 16. dxc6 dxc6 17. Rf6 Qh5 18. Nc3 Bf5 19. e6 Bxe6 20. Rxe6 Rhe8 21. Qf6+ Kg8 22. Rf1 Ng5 23. Rf5 h6 24. g4 Rxe6 25. Qxe6+ Nxe6 26. Rxh5 Kg7 27. Re5 Kf6 28. Rf5+ Kg7 29. Ne4 Rd8 30. c3 Rd1+ 31. Kg2 Re1 32. Kf3 Rb1 33. b4 Rb2 34. Ra5 a6 35. h4 Nf8 36. h5 Ne6 37. Re5 Kf7 38. a4 Rc2 39. Rf5+ Kg7 40. Ke3 Rc1 41. Rf6 Re1+ 42. Kd3 Nf8 43. g5 hxg5 44. h6+ Kg8 45. Nxg5 Re7 46. Kd4 Nd7 47. h7+ Kh8 48. Rf5 b6 49. a5 Rg7 50. Ke3 Rg6 51. Kf4 Nf6 52. c4 Nxh7 53. Nxh7 Kxh7 54. Rf7+ Kh6 55. Rxc7 bxa5 56. bxa5 Re6 57. Kf5 Rd6 58. Ke5 Rg6 59. c5 Kh5 60. Rh7+ Kg4 61. Rf7 Kg5 62. Rf5+ Kg4 63. Rf6 Rg5+ 64. Kd6 Rg8 65. Kxc6 Rb8 66. Kd5 Ra8 67. c6 Kg5 68. Rf1 Rd8+ 69. Kc5 Rd2 70. Rc1 Rd8 71. c7 Rc8 72. Kb6 Kf6 73. Kb7 1-0

[Event "Caracas FVA 80th Ann"]
[Site "Caracas"]
[Date "2015.12.20"]
[Round "8"]
[White "Colmenares Olivares, Cesar Eduardo"]
[Black "Sucre, Delwin Jose"]
[Result "1/2-1/2"]
[WhiteElo "1570"]
[BlackElo "1908"]
[PlyCount "67"]
[EventDate "2015.12.16"]
[EventType "swiss"]
[EventRounds "8"]
[EventCountry "VEN"]
[SourceTitle "EXT 2018"]
[Source "ChessBase"]
[SourceDate "2017.10.13"]
[SourceVersion "1"]
[SourceVersionDate "2017.10.13"]
[SourceQuality "1"]

1. d4 Nf6 2. c4 e5 3. dxe5 Ne4 4. Nf3 Nc6 5. e3 d6 6. Bd3 Nc5 7. Bc2 Bg4 8. Nbd2 Nxe5 9. b3 Qf6 10. Rb1 0-0-0 11. 0-0 d5 12. Bb2 Bd6 13. cxd5 c6 14. h3 Bxf3 15. Nxf3 Nxf3+ 16. Qxf3 Qxf3 17. gxf3 cxd5 18. Rfd1 Kb8 19. b4 Ne6 20. a3 f6 21. Bb3 Nc7 22. Kg2 Be5 23. a4 Rd7 24. f4 Bxb2 25. Rxb2 Rhd8 26. Rbd2 a6 27. Rd4 f5 28. f3 g6 29. Kg3 Re7 30. R1d3 Kc8 31. Rc3 Kb8 32. Rcd3 Kc8 33. Rc3 Kb8 34. Rcd3 1/2-1/2

[Event "Caracas FVA 80th Ann"]
[Site "Caracas"]
[Date "2015.12.18"]
[Round "5"]
[White "Sucre, Delwin Jose"]
[Black "Pautt Andrade, Jose Gregorio"]
[Result "1-0"]
[WhiteElo "1908"]
[BlackElo "2128"]
[PlyCount "75"]
[EventDate "2015.12.16"]
[EventType "swiss"]
[EventRounds "8"]
[EventCountry "VEN"]
[SourceTitle "EXT 2018"]
[Source "ChessBase"]
[SourceDate "2017.10.13"]
[SourceVersion "1"]
[SourceVersionDate "2017.10.13"]
[SourceQuality "1"]

1. e4 c6 2. d4 d5 3. exd5 cxd5 4. c4 Nf6 5. Nc3 e6 6. Nf3 Be7 7. c5 0-0 8. Bf4 Nh5 9. Be3 f5 10. Ne5 Nf6 11. Bf4 Nc6 12. Nxc6 bxc6 13. Qa4 Qe8 14. Be2 Ne4 15. 0-0 Bf6 16. Nxe4 fxe4 17. Bd6 Rf7 18. f3 Rb7 19. Rab1 a5 20. a3 Bd7 21. fxe4 dxe4 22. Rf4 Qg6 23. Rg4 Qh6 24. Bf4 g5 25. h4 Qg7 26. Bxg5 Kh8 27. Bxf6 Qxf6 28. Rf1 Qh6 29. Rxe4 Rxb2 30. Bf3 Rd2 31. Qb3 Rg8 32. Qc3 Rg7 33. Rb1 e5 34. Rb8+ Rg8 35. Rxg8+ Kxg8 36. Rxe5 Qf4 37. d5 h6 38. Re7 1-0

[Event "Caracas FVA 80th Ann"]
[Site "Caracas"]
[Date "2015.12.17"]
[Round "4"]
[White "Romero Barreto, Jaime Jose"]
[Black "Sucre, Delwin Jose"]
[Result "1/2-1/2"]
[WhiteElo "2242"]
[BlackElo "1908"]
[PlyCount "145"]
[EventDate "2015.12.16"]
[EventType "swiss"]
[EventRounds "8"]
[EventCountry "VEN"]
[SourceTitle "EXT 2018"]
[Source "ChessBase"]
[SourceDate "2017.10.13"]
[SourceVersion "1"]
[SourceVersionDate "2017.10.13"]
[SourceQuality "1"]

1. e4 e5 2. Nf3 Nf6 3. Nxe5 d6 4. Nf3 Nxe4 5. Nc3 Nxc3 6. dxc3 Nd7 7. Be3 Be7 8. Qd2 0-0 9. 0-0-0 c6 10. Kb1 Nc5 11. h4 Bg4 12. Be2 d5 13. Ng5 Bxe2 14. Qxe2 Qd7 15. Rh3 Rae8 16. c4 h6 17. Nf3 Ne4 18. cxd5 cxd5 19. Qd3 Qa4 20. Qb3 Qc4 21. Rhh1 Rd8 22. Ne5 Qxb3 23. axb3 Bc5 24. Bxc5 Nxc5 25. Nd3 Nxd3 26. Rxd3 Rfe8 27. Rd2 Kf8 28. Rhd1 Re4 29. g3 Re5 30. c4 Ke7 31. Kc2 h5 32. Kc3 Ke6 33. Rd3 Rd7 34. b4 b6 35. b5 g6 36. b4 Re2 37. f4 Ra2 38. Re1+ Kf6 39. c5 bxc5 40. bxc5 Ra3+ 41. Kc2 Ra4 42. Rb1 Ke6 43. Kc3 Ra5 44. Rb4 Ra3+ 45. Kd4 Ra1 46. c6 Rd8 47. c7 Rc8 48. b6 axb6 49. Rxb6+ Kd7 50. Rf6 Ke7 51. Rc6 Kd7 52. Rc5 Rxc7 53. Rxc7+ Kxc7 54. Ke5 Ra6 55. Rxd5 Re6+ 56. Kd4 Rd6 57. f5 Rf6 58. Ke4 Kc6 59. Ra5 Kd7 60. Kf4 Rb6 61. Kg5 Rb4 62. Ra7+ Ke8 63. Ra8+ Ke7 64. Ra7+ Ke8 65. f6 Rb8 66. Kh6 Kf8 67. Kh7 Rd8 68. Ra5 Re8 69. Rb5 Rd8 70. g4 hxg4 71. h5 g3 72. hxg6 fxg6 73. Kxg6 1/2-1/2

[Event "Caracas Torbin op"]
[Site "Caracas"]
[Date "2014.12.20"]
[Round "4"]
[White "Saladen Dulce, Rafael"]
[Black "Sucre, Delwin Jose"]
[Result "0-1"]
[WhiteElo "2205"]
[BlackElo "1876"]
[PlyCount "148"]
[EventDate "2014.12.18"]
[EventType "swiss"]
[EventRounds "7"]
[EventCountry "VEN"]
[SourceTitle "CBM 164 Extra"]
[Source "ChessBase"]
[SourceDate "2015.03.02"]
[SourceVersion "1"]
[SourceVersionDate "2015.03.02"]
[SourceQuality "1"]

1. d4 Nf6 2. Nf3 g6 3. c4 Bg7 4. Nc3 d5 5. Bg5 Ne4 6. cxd5 Nxc3 7. bxc3 Qxd5 8. e3 Qa5 9. Qd2 c5 10. Rb1 a6 11. Be2 Nc6 12. 0-0 0-0 13. d5 Bxc3 14. Qc2 Nb8 15. Rfc1 Bf6 16. Bxf6 exf6 17. Qxc5 Qxa2 18. Bd1 Nd7 19. Qd6 Qa5 20. Bb3 Qb6 21. Qg3 Kg7 22. d6 Qa5 23. Nd4 Ne5 24. f4 Nc6 25. Nxc6 bxc6 26. Rxc6 Rb8 27. e4 Be6 28. h3 Qa3 29. Rc3 Qxd6 30. f5 Qxg3 31. Rxg3 Bxb3 32. Rgxb3 Rxb3 33. Rxb3 h5 34. Rb7 g5 35. Kf2 Ra8 36. Rb4 a5 37. Ra4 Kf8 38. g3 Ke7 39. Ke3 Ra7 40. Kd4 Kd6 41. Kc4 Rc7+ 42. Kd4 Ra7 43. Kc4 Rc7+ 44. Kd4 Rc5 45. Ra1 Rb5 46. Ra3 Rb4+ 47. Ke3 a4 48. Rd3+ Kc6 49. Rd5 Rb3+ 50. Kf2 a3 51. Ra5 Kb6 52. Ra8 Kc5 53. Ra6 Kd4 54. Rxf6 Kxe4 55. g4 hxg4 56. hxg4 Kf4 57. Ke2 a2 58. Ra6 Rb2+ 59. Kd3 Kxg4 60. f6 Kf5 61. Ke3 g4 62. Ra5+ Kxf6 63. Kf4 Rb4+ 64. Kg3 a1Q 65. Rxa1 Kg5 66. Ra7 Rb3+ 67. Kg2 f5 68. Ra5 Rf3 69. Ra8 Re3 70. Ra5 Kf4 71. Ra4+ Re4 72. Ra2 g3 73. Kh3 Kf3 74. Rg2 Rh4+ 0-1